000 01192nam a2200325 c 4500
999 _c186868
_d186868
003 BLK
005 20250312165649.0
008 180411b bul|||||r ||||||| ||bul||
010 _aKNG00195864000
040 _aBLK
041 _aBUL
_cBUL
080 _aСъвременна индийска литература
_b821.214
_x-32
_z821.214-32
080 _aСъвременна индийска литература
_b821.214
_x-1
_z821.214-1
139 _aПанчатантра
_bП 20
245 1 0 _aПанчатантра
_cпрев. от санскрит Йордан Милев; ил. Иван Кьосев.
257 _aIND
260 _bНар. младеж
_c1981
_aСофия
300 _a472 с.
_bс ил.
_c25 см
380 _aX
500 _a1. изд. 1976. - 60 150 тир.
700 1 _aМилев, Йордан
_eпрев. от санскрит
_9363560
700 1 _aКьосев, Иван
_eил.
_9367385
852 _aЦб 111077
856 4 _qpdf
_i0.00
_ldisable
856 4 _qpdf
_i0.00
_ldisable
942 _cKNG
_n0
_02
_s1
944 _aCR
_c11.11.2016
_k30535
_lХристина Везирева
944 _aED
_c11.11.2016
_kПравда_Бадева
999 _d186868